| 000 | 00494nam a2200193Ia 4500 | ||
|---|---|---|---|
| 005 | 20230328102712.0 | ||
| 008 | 131103s9999 xx 000 0 und d | ||
| 020 |
_a81 7293 349 5 _cRs.35.00 |
||
| 040 | _aLoreto College | ||
| 041 | _aEnglish | ||
| 082 |
_a891.443 _bMUK |
||
| 100 | _aMukhopadhayay, Sirshendu | ||
| 245 |
_aSampatti _cSirshendu, Mukhopadhayay |
||
| 260 |
_aCalcutta _bMitra & Ghosh _c1402 |
||
| 300 | _a88p. | ||
| 650 | _aEnglish fiction | ||
| 850 | _aLCLIB | ||
| 942 | _cBK | ||
| 999 |
_c22898 _d73377 |
||